Analog Electronics (Record no. 5152)

MARC details
000 -LEADER
fixed length control field 00424nam a22001697a 4500
005 - DATE AND TIME OF LATEST TRANSACTION
control field 20160702101720.0
008 - FIXED-LENGTH DATA ELEMENTS--GENERAL INFORMATION
fixed length control field 160702b xxu||||| |||| 00| 0 eng d
020 ## - INTERNATIONAL STANDARD BOOK NUMBER
ISBN 978-81-318-0245-8
041 ## - LANGUAGE CODE
Language code of text/sound track or separate title eng
082 ## - DEWEY DECIMAL CLASSIFICATION NUMBER
Item number 20886
100 ## - MAIN ENTRY--AUTHOR NAME
Personal name Singh, Balvinder and Dixit, Ashish
245 ## - TITLE STATEMENT
Title Analog Electronics
260 ## - PUBLICATION, DISTRIBUTION, ETC. (IMPRINT)
Name of publisher University Science press
300 ## - PHYSICAL DESCRIPTION
Number of Pages 276
650 ## - SUBJECT ADDED ENTRY--TOPICAL TERM
Topical Term Diploma Engineering
942 ## - ADDED ENTRY ELEMENTS (KOHA)
Koha item type Books
Holdings
Lost status Damaged status Collection code Home library Current library Shelving location Date acquired Cost, normal purchase price Full call number Accession Number Koha item type
    Reference JRU Library   SHELF-72-B 02/07/2016 395.00 20886 20886 Books
      JRU Library     02/07/2016 395.00 20886 20887 Books
      JRU Library     02/07/2016 395.00 20886 20888 Books
      JRU Library   SHELF-35-F 02/07/2016 395.00 20886 20889 Books
      JRU Library   SHELF-35-F 02/07/2016 395.00 20886 20890 Books